[Event "UGA-chT"]
[Site "Kampala"]
[Date "2022.08.28"]
[Round "5"]
[White "Kabengano, Joyce"]
[Black "Namaganda, Shanita"]
[Result "0-1"]
[WhiteElo "1549"]
[BlackElo "1374"]
[PlyCount "54"]
[EventDate "2022.07.10"]
[EventType "team-swiss"]
[EventRounds "14"]
[EventCountry "UGA"]
[SourceTitle "EXT 2024"]
[Source "ChessBase"]
[SourceDate "2023.10.10"]
[SourceVersion "1"]
[SourceVersionDate "2023.10.10"]
[SourceQuality "1"]
[WhiteTeam "Civil Aviation Authority CC"]
[BlackTeam "Jinja Knights CC"]
[WhiteTeamCountry "UGA"]
[BlackTeamCountry "UGA"]

1. e4 e5 2. Bc4 Nf6 3. d4 Nc6 4. dxe5 Nxe5 5. Bb3 Bc5 6. Nf3 Nxe4 7. Nxe5 Bxf2+ 8. Kf1 Qf6 9. Qf3 Qxe5 10. Qxf7+ Kd8 11. Qd5 Qd4 12. c3 Qf6 13. Nd2 Be3+ 14. Nf3 Bxc1 15. Rxc1 Re8 16. Re1 Nd6 17. Kf2 c6 18. Rxe8+ Nxe8 19. Qg8 d5 20. Re1 Bd7 21. Qxh7 Kc7 22. Qh4 Qf7 23. Re7 Qf5 24. Qg3+ Kb6 25. Qe5 g6 26. c4 Nf6 27. cxd5 Ng4+ 0-1

[Event "UGA olympic qual (Women)"]
[Site "Kampala"]
[Date "2022.03.05"]
[Round "1"]
[White "Kabengano, Joyce"]
[Black "Nabaggala, Vanessa"]
[Result "1/2-1/2"]
[WhiteElo "1514"]
[BlackElo "1455"]
[PlyCount "33"]
[EventDate "2022.03.05"]
[EventType "tourn"]
[EventRounds "13"]
[EventCountry "UGA"]
[SourceTitle "EXT 2023"]
[Source "ChessBase"]
[SourceDate "2022.10.05"]
[SourceVersion "1"]
[SourceVersionDate "2022.10.05"]
[SourceQuality "1"]

1. e4 e5 2. Bc4 Nf6 3. d4 Nc6 4. Nf3 d6 5. Bg5 Bg4 6. Bb5 Be7 7. d5 a6 8. dxc6 axb5 9. cxb7 Rb8 10. Bxf6 Bxf6 11. Qd5 Qd7 12. Nbd2 Be6 13. Qd3 Rxb7 14. 0-0 0-0 15. b3 Re8 16. a4 bxa4 17. Rxa4 1/2-1/2

[Event "Kampala op"]
[Site "Kampala"]
[Date "2020.03.06"]
[Round "1"]
[White "Kabengano, Joyce"]
[Black "Dut, Ajier Agol"]
[Result "1-0"]
[WhiteElo "1528"]
[BlackElo "1965"]
[PlyCount "89"]
[EventDate "2020.03.06"]
[EventType "swiss"]
[EventRounds "7"]
[EventCountry "UGA"]
[SourceTitle "CBM 195 Extra"]
[Source "ChessBase"]
[SourceDate "2020.05.31"]
[SourceVersion "1"]
[SourceVersionDate "2020.05.31"]
[SourceQuality "1"]

1. e4 e6 2. d4 d5 3. e5 c5 4. c3 f6 5. Nf3 Nc6 6. Bb5 Qb6 7. Ba4 Bd7 8. 0-0 f5 9. a3 Nge7 10. b4 c4 11. Ng5 Ng6 12. Qh5 Be7 13. Nxh7 Kf7 14. Ng5+ Bxg5 15. Qxg5 Rh7 16. Nd2 Rah8 17. Nf3 Rh5 18. Qd2 Qd8 19. Bd1 Rxh2 20. Nxh2 Qh4 21. f3 Qxh2+ 22. Kf2 f4 23. Rg1 Nce7 24. Bc2 Nh4 25. Qxf4+ Qxf4 26. Bxf4 Nhf5 27. Rh1 Rc8 28. g4 Ng6 29. Bg5 Nfe7 30. Bxg6+ Nxg6 31. Ke3 Ba4 32. Rh7 Nf8 33. Rh8 Bc2 34. f4 Be4 35. f5 exf5 36. gxf5 Bxf5 37. Rf1 g6 38. Bh6 Re8 39. Rxf8+ Rxf8 40. Bxf8 Kxf8 41. Rxf5+ gxf5 42. Kf4 Ke7 43. Kxf5 a6 44. e6 b6 45. Ke5 1-0

[Event "Kampala op"]
[Site "Kampala"]
[Date "2020.03.06"]
[Round "2"]
[White "Kalule, Caxton"]
[Black "Kabengano, Joyce"]
[Result "1-0"]
[WhiteElo "1847"]
[BlackElo "1528"]
[PlyCount "57"]
[EventDate "2020.03.06"]
[EventType "swiss"]
[EventRounds "7"]
[EventCountry "UGA"]
[SourceTitle "CBM 195 Extra"]
[Source "ChessBase"]
[SourceDate "2020.05.31"]
[SourceVersion "1"]
[SourceVersionDate "2020.05.31"]
[SourceQuality "1"]

1. d4 c5 2. c3 cxd4 3. cxd4 d6 4. Nf3 Bf5 5. Bf4 Nd7 6. Nc3 a6 7. e4 Bg6 8. Bc4 e6 9. 0-0 Qc7 10. Bb3 Ngf6 11. Rc1 Qb6 12. e5 Ne4 13. d5 Ndc5 14. dxe6 Nxe6 15. Nd5 Qd8 16. exd6 Nf6 17. Nc7+ Nxc7 18. dxc7 Qxd1 19. Rfxd1 Rc8 20. Re1+ Be7 21. Bd6 Ne4 22. Bxe7 Kxe7 23. Ng5 f5 24. f3 h6 25. Nh3 Kd7 26. Nf4 Ng5 27. Nxg6 Rhe8 28. Rxe8 Kxe8 29. h4 1-0

[Event "Kampala Kawuma op"]
[Site "Kampala"]
[Date "2018.03.09"]
[Round "3"]
[White "Katumba, Joshua"]
[Black "Kabengano, Joyce"]
[Result "1-0"]
[WhiteElo "1828"]
[BlackElo "1524"]
[PlyCount "70"]
[EventDate "2018.03.08"]
[EventType "swiss"]
[EventRounds "8"]
[EventCountry "UGA"]
[SourceTitle "EXT 2019"]
[Source "ChessBase"]
[SourceDate "2018.10.10"]
[SourceVersion "1"]
[SourceVersionDate "2018.10.10"]
[SourceQuality "1"]

1. e4 c5 2. Nf3 Nc6 3. d4 cxd4 4. Nxd4 d6 5. c4 Nf6 6. Nc3 a6 7. Be2 g6 8. Nxc6 bxc6 9. Bf3 Qc7 10. 0-0 Bg7 11. Be3 0-0 12. Qd2 Be6 13. b3 Nd7 14. Bh6 Rfd8 15. Bxg7 Kxg7 16. Bd1 f5 17. Bc2 Rf8 18. Qg5 Nc5 19. exf5 Bxf5 20. Rae1 Rae8 21. Ne4 Ne6 22. Qd2 c5 23. Ng3 Nd4 24. Bxf5 Nxf5 25. Nxf5+ Rxf5 26. Re6 Ref8 27. Rfe1 R8f7 28. f3 Kg8 29. Qe3 Kf8 30. Qe4 Qd8 31. Qe3 a5 32. Qh6+ Kg8 33. Qe3 Kf8 34. Qc3 Kg8 35. R1e2 Qc7 1-0

[Event "Kireka op"]
[Site "Kireka"]
[Date "2017.12.31"]
[Round "7"]
[White "Kantinti, Shaddrack"]
[Black "Kabengano, Joyce"]
[Result "1-0"]
[WhiteElo "2042"]
[BlackElo "1520"]
[PlyCount "67"]
[EventDate "2017.12.28"]
[EventType "swiss"]
[EventRounds "8"]
[EventCountry "UGA"]
[SourceTitle "EXT 2019"]
[Source "ChessBase"]
[SourceDate "2018.10.10"]
[SourceVersion "1"]
[SourceVersionDate "2018.10.10"]
[SourceQuality "1"]

1. e4 c5 2. Nf3 d6 3. c3 Nf6 4. Be2 Nc6 5. d3 a6 6. Nbd2 e6 7. 0-0 Be7 8. d4 0-0 9. a3 Qc7 10. Bd3 b5 11. Re1 Bb7 12. Nf1 Nd7 13. Ng3 cxd4 14. cxd4 Rfe8 15. Be3 Rac8 16. Rc1 Qb8 17. Bb1 g6 18. Bh6 Bf8 19. Qd2 Bg7 20. h4 Ne7 21. Bxg7 Kxg7 22. h5 h6 23. Nh2 Nf6 24. e5 Nxh5 25. Ng4 Rh8 26. Nxh5+ gxh5 27. Nf6 Ng6 28. Nxh5+ Kf8 29. Bxg6 fxg6 30. Qf4+ Kg8 31. Qg4 Kf7 32. Nf4 Rce8 33. Qxg6+ Ke7 34. Qxe6+ 1-0

[Event "Olympiad Women-42"]
[Site "Baku"]
[Date "2016.09.12"]
[Round "10.3"]
[White "Kabengano, Joyce"]
[Black "Prasad, Tanvi"]
[Result "1-0"]
[WhiteElo "1559"]
[BlackElo "1339"]
[PlyCount "103"]
[EventDate "2016.09.02"]
[EventType "team-swiss"]
[EventRounds "11"]
[EventCountry "AZE"]
[SourceTitle "CBM 174 Extra"]
[Source "ChessBase"]
[SourceDate "2016.10.10"]
[SourceVersion "1"]
[SourceVersionDate "2016.10.10"]
[SourceQuality "1"]
[WhiteTeam "Uganda (W)"]
[BlackTeam "Fiji (W)"]
[WhiteTeamCountry "UGA"]
[BlackTeamCountry "FIJ"]

1. e4 e5 2. Nf3 Nc6 3. Bc4 Nf6 4. d3 Bc5 5. h3 0-0 6. 0-0 d5 7. exd5 Nxd5 8. Re1 Re8 9. Bxd5 Qxd5 10. Nc3 Qd8 11. Ne4 Bd6 12. a3 Nd4 13. Be3 Nxf3+ 14. Qxf3 a6 15. b4 Rb8 16. Qh5 Be6 17. Ng5 h6 18. Nxe6 Rxe6 19. Qf3 b6 20. c4 c5 21. Rab1 cxb4 22. axb4 b5 23. c5 Be7 24. Bd2 Rc8 25. Bc3 Rf6 26. Qd1 Qd5 27. Rxe5 Qd7 28. Rxe7 Qxe7 29. Bxf6 Qxf6 30. d4 Rd8 31. d5 Qe5 32. d6 a5 33. Qd3 axb4 34. Qxb5 Rxd6 35. Qb8+ Kh7 36. Qxd6 Qxd6 37. cxd6 Kg6 38. d7 f6 39. d8Q Kh7 40. Rxb4 Kg6 41. Qd3+ Kf7 42. Rb6 Ke7 43. Qd6+ Kf7 44. Rb7+ Kg6 45. Qg3+ Kf5 46. Qg4+ Ke5 47. Rb5+ Kd6 48. Qe4 Kd7 49. Rb6 Kc7 50. Qb7+ Kd8 51. Ra6 Ke8 52. Ra8# 1-0

[Event "Olympiad Women-42"]
[Site "Baku"]
[Date "2016.09.06"]
[Round "5.3"]
[White "Ben Said, Safa"]
[Black "Kabengano, Joyce"]
[Result "0-1"]
[WhiteElo "1563"]
[BlackElo "1559"]
[PlyCount "56"]
[EventDate "2016.09.02"]
[EventType "team-swiss"]
[EventRounds "11"]
[EventCountry "AZE"]
[SourceTitle "CBM 174 Extra"]
[Source "ChessBase"]
[SourceDate "2016.10.10"]
[SourceVersion "1"]
[SourceVersionDate "2016.10.10"]
[SourceQuality "1"]
[WhiteTeam "Tunisia (W)"]
[BlackTeam "Uganda (W)"]
[WhiteTeamCountry "TUN"]
[BlackTeamCountry "UGA"]

1. e4 c5 2. Nc3 d6 3. g3 e6 4. Bg2 a6 5. a4 Nc6 6. Nge2 Nf6 7. d3 Be7 8. h3 Qc7 9. Be3 0-0 10. 0-0 Bd7 11. Qd2 h6 12. f4 d5 13. exd5 exd5 14. Nxd5 Nxd5 15. Bxd5 Bxh3 16. Rf2 Bf5 17. Rh2 Rad8 18. Bf3 Nd4 19. Nxd4 cxd4 20. Bf2 Rfe8 21. Kg2 Be6 22. Qe2 Bd5 23. Be4 Bf8 24. Kg1 Kh8 25. Bxd4 Bxe4 26. Rxh6+ Kg8 27. Rh2 Bg6 28. Qf2 Rxd4 0-1

[Event "Africa-ch (Women)"]
[Site "Kampala"]
[Date "2016.07.24"]
[Round "9.7"]
[White "Mudongo, Boikhutso"]
[Black "Kabengano, Joyce"]
[Result "1-0"]
[WhiteElo "1760"]
[BlackElo "1556"]
[PlyCount "60"]
[EventDate "2016.07.17"]
[EventType "swiss"]
[EventRounds "9"]
[EventCountry "UGA"]
[SourceTitle "EXT 2024"]
[Source "ChessBase"]
[SourceDate "2023.10.10"]
[SourceVersion "1"]
[SourceVersionDate "2023.10.10"]
[SourceQuality "1"]

1. e4 c5 2. Nf3 d6 3. d4 cxd4 4. Nxd4 a6 5. Nc3 Nf6 6. Be2 e6 7. 0-0 Bd7 8. Be3 Nc6 9. Kh1 Be7 10. f4 Qc7 11. Qe1 0-0 12. Qg3 Nh5 13. Rad1 Rac8 14. a3 b5 15. e5 dxe5 16. Nxc6 Bxc6 17. fxe5 g6 18. Bd3 Ng7 19. Bh6 Rfd8 20. Rde1 Bf8 21. Qf2 Qb7 22. Be4 Nf5 23. Bxf8 Kxf8 24. Bxf5 exf5 25. e6 fxe6 26. Rxe6 Rd7 27. h3 Rcd8 28. Qc5+ Rd6 29. Rxd6 Bxg2+ 30. Kg1 Rxd6 1-0

[Event "Africa-ch (Women)"]
[Site "Kampala"]
[Date "2016.07.21"]
[Round "5.7"]
[White "Kabengano, Joyce"]
[Black "Angolikin, Goretti"]
[Result "1/2-1/2"]
[WhiteElo "1556"]
[BlackElo "1607"]
[PlyCount "96"]
[EventDate "2016.07.17"]
[EventType "swiss"]
[EventRounds "9"]
[EventCountry "UGA"]
[SourceTitle "EXT 2024"]
[Source "ChessBase"]
[SourceDate "2023.10.10"]
[SourceVersion "1"]
[SourceVersionDate "2023.10.10"]
[SourceQuality "1"]

1. e4 e5 2. Nf3 Nc6 3. Bc4 d6 4. c3 Bg4 5. h3 Bxf3 6. Qxf3 Nf6 7. d3 a6 8. Bb3 Be7 9. Be3 Qd7 10. Nd2 0-0-0 11. Bxf7 Kb8 12. Bb3 Na5 13. 0-0-0 Nxb3+ 14. Nxb3 Qa4 15. Kb1 d5 16. exd5 Nxd5 17. d4 Rhf8 18. Qe4 Bf6 19. Nc5 Qb5 20. Qc2 Nxe3 21. fxe3 Qe8 22. Qb3 Qc6 23. Ne6 Qxg2 24. Nxd8 Rxd8 25. dxe5 Rxd1+ 26. Rxd1 Bxe5 27. Qg8+ Ka7 28. Qxh7 Qf3 29. Qd3 Qxh3 30. e4 Qg4 31. Qe3+ b6 32. Rd5 Bf4 33. Qe1 g5 34. Qd1 Qe6 35. Qe2 Kb7 36. Qf3 Qc6 37. Rf5 Ka7 38. Rxf4 gxf4 39. Qxf4 Qd7 40. a3 Qd3+ 41. Ka1 Qd1+ 42. Ka2 Qd7 43. Qf5 Qd3 44. Qe5 Qc4+ 45. Ka1 Qf1+ 46. Ka2 Qc4+ 47. b3 Qe2+ 48. Kb1 Qd1+ 1/2-1/2

[Event "Africa-ch (Women)"]
[Site "Kampala"]
[Date "2016.07.21"]
[Round "6.8"]
[White "Kabengano, Joyce"]
[Black "Nyaruai, Joyce"]
[Result "0-1"]
[WhiteElo "1556"]
[BlackElo "1471"]
[PlyCount "60"]
[EventDate "2016.07.17"]
[EventType "swiss"]
[EventRounds "9"]
[EventCountry "UGA"]
[SourceTitle "EXT 2024"]
[Source "ChessBase"]
[SourceDate "2023.10.10"]
[SourceVersion "1"]
[SourceVersionDate "2023.10.10"]
[SourceQuality "1"]

1. e4 e5 2. Nf3 Nc6 3. Bc4 Be7 4. c3 Nf6 5. d3 0-0 6. 0-0 a6 7. Bb3 d6 8. h3 h6 9. Be3 Nh7 10. Nbd2 Kh8 11. d4 exd4 12. Nxd4 Ne5 13. N2f3 c5 14. Nf5 c4 15. Nxe7 Qxe7 16. Bc2 b5 17. Nd4 Re8 18. Nf5 Bxf5 19. exf5 Rad8 20. Bd4 Qh4 21. f4 Nc6 22. Bf2 Qxf4 23. Bb6 Qg5 24. Bxd8 Rxd8 25. Qd5 Ne5 26. Rad1 Nf6 27. Qb7 Qe3+ 28. Kh2 Neg4+ 29. hxg4 Nxg4+ 30. Kh1 Qg3 0-1

[Event "Africa-ch (Women)"]
[Site "Kampala"]
[Date "2016.07.19"]
[Round "3.8"]
[White "Namaganda, Christine"]
[Black "Kabengano, Joyce"]
[Result "0-1"]
[WhiteElo "1564"]
[BlackElo "1556"]
[PlyCount "64"]
[EventDate "2016.07.17"]
[EventType "swiss"]
[EventRounds "9"]
[EventCountry "UGA"]
[SourceTitle "EXT 2024"]
[Source "ChessBase"]
[SourceDate "2023.10.10"]
[SourceVersion "1"]
[SourceVersionDate "2023.10.10"]
[SourceQuality "1"]

1. d4 c5 2. c3 e6 3. Nf3 d5 4. e3 Nf6 5. Bd3 Nbd7 6. Nbd2 c4 7. Bc2 b5 8. e4 dxe4 9. Nxe4 Bb7 10. Nxf6+ Nxf6 11. Bg5 Be7 12. Qe2 a6 13. Ne5 0-0 14. Bxf6 Bxf6 15. Qh5 g6 16. Nxg6 hxg6 17. Bxg6 fxg6 18. Qxg6+ Bg7 19. Qxe6+ Kh8 20. Qh3+ Kg8 21. Qe6+ Rf7 22. 0-0-0 Qe7 23. d5 Qxe6 24. dxe6 Re7 25. Rd7 Rae8 26. Rhd1 Bxg2 27. Rxe7 Rxe7 28. Rd8+ Kh7 29. Rd6 Bh3 30. Rxa6 Rxe6 31. Ra5 Bh6+ 32. Kd1 Bg4+ 0-1

[Event "Cairo Africa zt 4.2 (Women)"]
[Site "Cairo"]
[Date "2014.11.26"]
[Round "4"]
[White "Elansary, Eman"]
[Black "Kabengano, Joyce"]
[Result "1-0"]
[WhiteElo "1851"]
[BlackElo "1595"]
[PlyCount "53"]
[EventDate "2014.11.22"]
[EventType "tourn"]
[EventRounds "7"]
[EventCountry "EGY"]
[SourceTitle "CBM 163 Extra"]
[Source "ChessBase"]
[SourceDate "2014.12.23"]
[SourceVersion "1"]
[SourceVersionDate "2014.12.23"]
[SourceQuality "1"]

1. d4 Nf6 2. c4 e6 3. Nc3 Bb4 4. Qc2 b6 5. a3 Bxc3+ 6. bxc3 Bb7 7. Bg5 d6 8. f3 h6 9. Bh4 Nbd7 10. e4 c6 11. Bd3 Qc7 12. Ne2 e5 13. 0-0 g5 14. Bf2 Nh5 15. c5 exd4 16. cxd4 dxc5 17. dxc5 Nf4 18. Ng3 Nxd3 19. Qxd3 0-0-0 20. cxb6 axb6 21. Qc3 h5 22. Nf5 f6 23. a4 Ne5 24. Qb3 Rd3 25. Qxb6 Qxb6 26. Bxb6 Nc4 27. Bc5 1-0

[Event "Cairo Africa zt 4.2 (Women)"]
[Site "Cairo"]
[Date "2014.11.22"]
[Round "1"]
[White "Kabengano, Joyce"]
[Black "Elgohary, Myada"]
[Result "1-0"]
[WhiteElo "1595"]
[BlackElo "1753"]
[PlyCount "89"]
[EventDate "2014.11.22"]
[EventType "tourn"]
[EventRounds "7"]
[EventCountry "EGY"]
[SourceTitle "CBM 163 Extra"]
[Source "ChessBase"]
[SourceDate "2014.12.23"]
[SourceVersion "1"]
[SourceVersionDate "2014.12.23"]
[SourceQuality "1"]

1. e4 c5 2. Nf3 d6 3. d4 cxd4 4. Nxd4 Nf6 5. Nc3 g6 6. Bc4 Bg7 7. Bb3 Nc6 8. Nxc6 bxc6 9. e5 dxe5 10. Qxd8+ Kxd8 11. 0-0 e6 12. Be3 Kc7 13. Bc5 Nd5 14. Ne4 Bf8 15. c4 Bxc5 16. Nxc5 Nf4 17. Rfe1 f6 18. Ne4 Rf8 19. Rad1 Bd7 20. g3 Nh5 21. c5 Ng7 22. Rd6 Nf5 23. Rd3 Nd4 24. Bd1 Rab8 25. b3 Rb5 26. f4 h6 27. fxe5 fxe5 28. a4 Rb4 29. Nd2 Rf6 30. Rxe5 Rf5 31. Nc4 Rxc4 32. Rxf5 Nxf5 33. bxc4 Bc8 34. Bg4 Ba6 35. Bxf5 exf5 36. Rd6 g5 37. Rxh6 Bxc4 38. Rh7+ Kb8 39. Rh5 a6 40. Rxg5 Bb3 41. Rxf5 Bxa4 42. h4 Bc2 43. Rf2 Bb3 44. h5 a5 45. h6 1-0